Name All Types of Pasta - Statistics

General Stats
  • This quiz has been taken 65 times
  • The average score is 6 of 9
Answer Stats
Picture Answer % Correct
Spaghetti
97%
Ravioli
90%
Penne
87%
Macaroni
84%
Rigatoni
74%
Farfalle
67%
Fusilli
62%
Tortellini
61%
Ziti
21%
No matching quizzes found
Score Distribution
Percent of People with Each Score
Percentile by Number Answered
Your Score History
You have not taken this quiz